00772nam a2200205 4500003000900000005001700009008002700026020001500053040002200068082002700090100002400117245015700141260003700298300002200335500007400357534004500431650003800476650002800514700002400542DO-SdBNP20220920125752.0180126b2005 mx 00| 0 spa d a9681913655 aBPMSUbspacBPMSU 4a320.01bS549f 20052221 aShepsle, Kenneth A. a Las fórmulas de la política :binstituciones, racionalidad y comportamiento /cKenneth A. Shepsle y Mark S. Bonchek ; traducción de Mario Zamudio aMéxico, D.F. :bTaurus, c2005 a469 p. ;c24 cm.  3Incluye referencias bibliográficas y notas al pie de las páginas  aTítulo original : tAnalyzing politics aCiencia políticaxMetodología 4aFilosofía política.1 aBonchek, Mark S.,